| 000 | 00440nam a2200145Ia 4500 | ||
|---|---|---|---|
| 008 | 230917s9999||||xx |||||||||||||| ||und|| | ||
| 040 |
_e166235 _aMAIN |
||
| 041 | _aEnglish | ||
| 082 | _a891.437731 MG687M | ||
| 100 | _aमिश्र, गड्गाशंकर | ||
| 245 | 0 | _aमनन मनोंरजन खण्ड-4 | |
| 260 |
_aवाराणासी _bज्ञानमण्डल _c1969 |
||
| 300 | _a244 p. | ||
| 942 | _cHN | ||
| 999 |
_c76090 _d76090 |
||